Rapito y Sapón / (Registro nro. 30674)

Detalles MARC
000 -LEADER
fixed length control field 00384nam a22001337a 4500
008 - FIXED-LENGTH DATA ELEMENTS--GENERAL INFORMATION
fixed length control field 240220b |||||||| |||| 00| 0 eng d
020 ## - INTERNATIONAL STANDARD BOOK NUMBER
International Standard Book Number 9789583054914
082 ## - DEWEY DECIMAL CLASSIFICATION NUMBER
Classification number C
Item number ALER
100 ## - MAIN ENTRY--PERSONAL NAME
Personal name Alekos
Relator term autor, ilustrador
9 (RLIN) 43474
245 ## - TITLE STATEMENT
Title Rapito y Sapón /
Statement of responsibility, etc. Alekos
260 ## - PUBLICATION, DISTRIBUTION, ETC.
Field link and sequence number Bogotá:
Place of publication, distribution, etc. Panamericana,
Name of publisher, distributor, etc. 2017
300 ## - PHYSICAL DESCRIPTION
Extent 36 páginas:
Other physical details ilustraciones a color;
Dimensions 20 cm.
942 ## - ADDED ENTRY ELEMENTS (KOHA)
Source of classification or shelving scheme Dewey Decimal Classification
Existencias
Withdrawn status Lost status Source of classification or shelving scheme Damaged status Not for loan Home library Current library Date acquired Total Checkouts Full call number Barcode Date last seen Copy number Price effective from Koha item type Public note
    Dewey Decimal Classification     Biblored Biblioteca Pública José María del Castillo y Rada 02/16/2024   C ALER 35714005510014   Ej. 1 02/20/2024 Books Material interbibliotecario Bibliored